000 00415nam a2200169Ia 4500
008 230524s9999 xx 000 0 und d
020 _a9788173198465
082 _a551.48
_bPAT
100 _aK.C. Patra
245 0 _aHydrology and Water Resources Engineering
250 _a2
260 _aNew Delhi
_bNarosa
_c2015
300 _a"Xvi,591p;"
500 _aQuantity Number: 30
650 _aCivil
942 _cBK
999 _c56246
_d56246